000 00738nam a2200253Ia 4500
003 OSt
005 20250530115757.0
008 220917b |||||||| |||| 00| 0 eng d
037 _cTextual
040 _aARTS
_cARTS
_beng
041 _2eng
_aeng
084 _aO:1M37x E9.1-.2,.4-.6
_qARTS
100 _aSwinburne Algernon Charles
_922029
245 0 _aCollected poetical works
260 _c1919
650 _aENGLISH LITERATURE
942 _cTEXL
_2CC
_hO:1M37x, E9.1-.2,.4-.6
_n0
999 _c158114
_d158114